000 01255nam a2200265 a 4500
001 000024923
005 20200930023443.0
008 110208s1974 dr ah 001 0 spa d
040 _aDO-SdBNP
_bspa
_cBNPHU
082 _a306.362097293
_bM236c
100 1 _aMalagón Barceló, Javier,
_d1911-
_951163
245 1 0 _aEl código negro carolino (1784) /
_cJavier Malagon Barceló ; prólogo José Antonio Caro Álvarez.
260 _aSanto Domingo :
_bTaller,
_c1974.
300 _aLXXV, 296 p. :
_bil., facsíms. ;
_c23 cm.
500 _aIncluye bibliografía y notas al pie de páginas.
505 0 _aEl código negro Carolino de la Real Audiencia de Santo Domingo para el gobierno económico, político y moral de los negros de esta Isla Española--
590 _aPerteneció a la biblioteca personal de Juan Isidro Jimenes Grullón.
590 _aInventariado, 2018/MFF
650 4 _aEsclavitud en república dominicana
_xLegislación
_951164
650 4 _aNegros
_xVida social y costumbres
_930702
650 4 _aNegros
_zRepública Dominicana
_xHistoria
_917935
651 4 _aRepública Dominicana
_xHistoria
_yGOBIERNO COLONIAL ESPAÑOL, 1511-1795
_945963
700 1 _aCaro, José Antonio,
_epról.
_951165
910 _aValidado. Control de calidad EMS
999 _c24416
_d24416